[Event "1. Bundesliga 2014/2015"]
[Site "Feffernitz, St. Veit/Glan, Mayrhofen"]
[Date "2015.03.01"]
[Round "8"]
[Board "6"]
[White "Lammers, Markus"]
[Black "Fauland, Alexander"]
[Result "0-1"]
[WhiteElo "2326"]
[BlackElo "2433"]
[PlyCount "64"]
[EventDate "2014.11.20"]
[EventType "team"]
[EventRounds "11"]
[EventCountry "AUT"]
[WhiteTeam "SIR Royal Salzburg"]
[BlackTeam "SV Raika Rapid Feffernitz"]

1.d4 Nf6 2.Nf3 e6 3.e3 b6 4.Bd3 Bb7 5.O-O g6 6.c4 Bg7 7.Nc3 Bxf3 8.Qxf3 Nc6 9.Qd1
O-O 10.d5 Ne7 11.e4 e5 12.Be3 d6 13.g3 Nd7 14.b4 f5 15.f3 f4 16.Bf2 fxg3 17.hxg3 Bh6
18.Kg2 Kg7 19.a3 Ng8 20.Rh1 Bg5 21.Be2 h5 22.Na4 Ngf6 23.c5 h4 24.c6 hxg3 25.Bxg3
Nh5 26.cxd7 Nxg3 27.Kxg3 Be3 28.Rh4 Bf4+ 29.Kh3 Rh8 30.Qe1 g5 31.Rxh8 Qxd7+ 32.Kg2
Rxh8 0-1

[Event "1. Bundesliga 2014/2015"]
[Site "Feffernitz, St. Veit/Glan, Mayrhofen"]
[Date "2015.03.01"]
[Round "8"]
[Board "1"]
[White "Stevic, Hrvoje"]
[Black "Schneider, Ilja"]
[Result "1/2-1/2"]
[WhiteElo "2594"]
[BlackElo "2495"]
[PlyCount "64"]
[EventDate "2014.11.20"]
[EventType "team"]
[EventRounds "11"]
[EventCountry "AUT"]
[WhiteTeam "SV Wolfsberg"]
[BlackTeam "ASVOE Wulkaprodersdorf"]

1.e4 e5 2.Nf3 d6 3.d4 exd4 4.Nxd4 Nf6 5.Nc3 Be7 6.g3 Nc6 7.Nxc6 bxc6 8.Bg2 O-O 9.O-O
Bg4 10.Qd3 Qd7 11.Re1 Rfe8 12.e5 Bf8 13.Qa6 Rxe5 14.Rxe5 dxe5 15.Qxc6 Qxc6 16.Bxc6
Rb8 17.Na4 Rd8 18.Be3 Nd5 19.Bxa7 Nb4 20.Bg2 Nxc2 21.Rf1 Rd2 22.h3 Be6 23.Nc3 Nd4
24.Re1 Bd6 25.Ne4 Rxb2 26.Nxd6 cxd6 27.a4 g6 28.a5 Ra2 29.Bb6 Nb3 30.Bc7 Nxa5 31.Bxd6
Nc4 32.Bxe5 Nxe5 1/2-1/2

[Event "1. Bundesliga 2014/2015"]
[Site "Feffernitz, St. Veit/Glan, Mayrhofen"]
[Date "2015.03.01"]
[Round "8"]
[Board "2"]
[White "Antal, Gergely"]
[Black "Jovanovic, Zoran"]
[Result "1/2-1/2"]
[WhiteElo "2510"]
[BlackElo "2530"]
[PlyCount "115"]
[EventDate "2014.11.20"]
[EventType "team"]
[EventRounds "11"]
[EventCountry "AUT"]
[WhiteTeam "ASVOE Wulkaprodersdorf"]
[BlackTeam "SV Wolfsberg"]

1.e4 d6 2.d4 Nf6 3.Nc3 e5 4.Nf3 Nbd7 5.Bc4 Be7 6.O-O O-O 7.Re1 c6 8.a4 b6 9.Ba2 a6
10.Nh4 Re8 11.Nf5 Bf8 12.Bg5 h6 13.Be3 exd4 14.Bxd4 Ne5 15.a5 Bxf5 16.Bxb6 Qc8 17.exf5
Qxf5 18.Ne2 d5 19.Ng3 Qd7 20.Qd2 Qb7 21.Bd4 Ned7 22.c4 Bb4 23.Bc3 Bxc3 24.Qxc3 Rxe1+
25.Rxe1 Rb8 26.Re2 Qb4 27.Nf5 Qxc3 28.bxc3 Kf8 29.f3 Nc5 30.cxd5 cxd5 31.c4 g6 32.Nd4
dxc4 33.Bxc4 Rb1+ 34.Kf2 Rc1 35.Nc2 Nb7 36.Bxa6 Nxa5 37.Bd3 Nb3 38.Ne3 Rc7 39.Rb2
Nc5 40.Bc4 Ncd7 41.Rb5 Kg7 42.g4 Ra7 43.h4 Rc7 44.Ra5 Rb7 45.Kg3 Rc7 46.Ba2 Nf8 47.Nc4
Re7 48.Nd6 Ne8 49.Nc8 Rc7 50.Nb6 Nf6 51.Nc4 Re7 52.Ne5 Ne6 53.Kf2 Nd8 54.Bc4 Ne6 55.Kg3
Nd8 56.Kf4 Ne6+ 57.Bxe6 Rxe6 58.Nd3 1/2-1/2

[Event "1. Bundesliga 2014/2015"]
[Site "Feffernitz, St. Veit/Glan, Mayrhofen"]
[Date "2015.03.01"]
[Round "8"]
[Board "4"]
[White "Volkmann, Friedrich Karl"]
[Black "Steflitsch, Erich"]
[Result "0-1"]
[WhiteElo "2445"]
[BlackElo "2343"]
[PlyCount "62"]
[EventDate "2014.11.20"]
[EventType "team"]
[EventRounds "11"]
[EventCountry "AUT"]
[WhiteTeam "ASVOE Wulkaprodersdorf"]
[BlackTeam "SV Wolfsberg"]

1.d4 d5 2.c4 e6 3.Nc3 Nf6 4.Bg5 Be7 5.e3 O-O 6.Nf3 h6 7.Bh4 b6 8.Qc2 Bb7 9.Bxf6 Bxf6
10.cxd5 exd5 11.O-O-O c5 12.h4 cxd4 13.exd4 Nc6 14.g4 g6 15.g5 hxg5 16.hxg5 Bg7 17.Kb1
Bc8 18.a3 Bg4 19.Be2 Rc8 20.Qd2 Re8 21.Rh4 Qd7 22.Qf4 Rxe2 23.Nxe2 Bf5+ 24.Ka1 Nb4
25.Qd2 Nc2+ 26.Ka2 Nxa3 27.Nc3 Nc4 28.Qf4 Qb7 29.Ne5 Qa6+ 30.Kb3 Na5+ 31.Ka2 Rxc3 0-1

[Event "1. Bundesliga 2014/2015"]
[Site "Feffernitz, St. Veit/Glan, Mayrhofen"]
[Date "2015.03.01"]
[Round "8"]
[Board "5"]
[White "Hresc, Vladimir"]
[Black "Wallner, Joachim"]
[Result "0-1"]
[WhiteElo "2400"]
[BlackElo "2331"]
[PlyCount "134"]
[EventDate "2014.11.20"]
[EventType "team"]
[EventRounds "11"]
[EventCountry "AUT"]
[WhiteTeam "SV Wolfsberg"]
[BlackTeam "ASVOE Wulkaprodersdorf"]

1.e4 e5 2.Nf3 Nc6 3.Bb5 a6 4.Ba4 Nf6 5.O-O Be7 6.Re1 b5 7.Bb3 d6 8.c3 O-O 9.h3 Nb8
10.d4 Nbd7 11.Nbd2 Bb7 12.Bc2 Re8 13.Nf1 Bf8 14.Ng3 g6 15.b3 Bg7 16.d5 Qb8 17.c4 c6
18.Be3 Qc7 19.Qd2 bxc4 20.bxc4 Nc5 21.Bxc5 dxc5 22.Rab1 Nd7 23.Ba4 Rec8 24.d6 Qb8
25.Rb3 Qa7 26.h4 Rab8 27.Qa5 Ba8 28.Ne2 Rxb3 29.axb3 Qb6 30.Qd2 Rd8 31.Nc1 Nf8 32.Nd3
Rxd6 33.Qe3 Nd7 34.g4 a5 35.g5 Bb7 36.Rd1 Bf8 37.Ra1 Re6 38.Kg2 Re8 39.h5 Bd6 40.Rh1
Qd8 41.Rd1 Qe7 42.Qd2 Bc7 43.Qe3 Ra8 44.Rg1 Bd6 45.Nh2 Kf8 46.hxg6 hxg6 47.Kf1 Ke8
48.Ke2 Nf8 49.Kd1 Ne6 50.Nf3 Nd4 51.Nd2 Kd7 52.Rh1 Kc7 53.Rh7 Rd8 54.Kc1 Kb6 55.Kb2
Bc8 56.Ka2 Be6 57.Kb2 Bc7 58.Ne1 Bg4 59.Rh4 Bh5 60.Rh1 Ne6 61.Rg1 Nf4 62.f3 Rd4 63.Nb1
Qd6 64.Kc2 Bd8 65.Nc3 Be7 66.Ne2 Nh3 67.Rh1 Bxg5 0-1

[Event "1. Bundesliga 2014/2015"]
[Site "Feffernitz, St. Veit/Glan, Mayrhofen"]
[Date "2015.03.01"]
[Round "8"]
[Board "6"]
[White "Mesaros, Florian"]
[Black "Toefferl, Heimo"]
[Result "1-0"]
[WhiteElo "2355"]
[BlackElo "2098"]
[PlyCount "95"]
[EventDate "2014.11.20"]
[EventType "team"]
[EventRounds "11"]
[EventCountry "AUT"]
[WhiteTeam "ASVOE Wulkaprodersdorf"]
[BlackTeam "SV Wolfsberg"]

1.Nf3 d5 2.g3 c6 3.Bg2 Nd7 4.d3 e5 5.Nbd2 Bd6 6.O-O Ne7 7.e4 Nf8 8.Qe2 f6 9.d4 Nfg6
10.c4 Be6 11.dxe5 Bxe5 12.h4 d4 13.h5 Nf8 14.Nxe5 fxe5 15.f4 Nd7 16.f5 Bf7 17.h6 gxh6
18.Nf3 Ng8 19.Bd2 Qe7 20.b4 Bh5 21.Qd3 Qg7 22.Nh4 Ngf6 23.a4 Rg8 24.Ra3 Bf7 25.c5
Nh5 26.Be1 a5 27.f6 Ndxf6 28.Nf5 Qg6 29.Nd6+ Ke7 30.bxa5 Nf4 31.Rxf4 exf4 32.Qxd4
Be6 33.Qe5 Qg5 34.Nf5+ Kf7 35.Nd6+ Ke7 36.Nf5+ Kf7 37.Qc7+ Nd7 38.Rf3 Bxf5 39.Rxf4
Qe7 40.Rxf5+ Ke8 41.Bf3 Rg5 42.Bh5+ Rxh5 43.Rxh5 Qxe4 44.Bf2 Rd8 45.Qd6 Qxa4 46.Qe6+
Kf8 47.Rf5+ Kg7 48.Qe7+ 1-0

[Event "1. Bundesliga 2014/2015"]
[Site "Feffernitz, St. Veit/Glan, Mayrhofen"]
[Date "2015.03.01"]
[Round "8"]
[Board "1"]
[White "Prohaszka, Peter"]
[Black "Votava, Jan"]
[Result "1/2-1/2"]
[WhiteElo "2597"]
[BlackElo "2524"]
[PlyCount "82"]
[EventDate "2014.11.20"]
[EventType "team"]
[EventRounds "11"]
[EventCountry "AUT"]
[WhiteTeam "SV Jacques Lemans St. Veit"]
[BlackTeam "Mayrhofen/SK Zell/Zillertal"]

1.d4 Nf6 2.c4 g6 3.Nf3 Bg7 4.g3 c6 5.Bg2 d5 6.b3 O-O 7.O-O dxc4 8.bxc4 c5 9.Bb2 Qb6
10.Qb3 Ne4 11.e3 Nc6 12.Ne5 Nd6 13.Nxc6 bxc6 14.dxc5 Qxc5 15.Bxg7 Kxg7 16.Nd2 Be6
17.Qc3+ f6 18.Rfc1 Rab8 19.Nb3 Qxc4 20.Nd4 Qxc3 21.Rxc3 Bd7 22.Nxc6 Bxc6 23.Bxc6 Rfc8
24.Rac1 f5 25.Bf3 Kf6 26.Kf1 Rxc3 27.Rxc3 Rb1+ 28.Kg2 a5 29.Bc6 Rb2 30.a3 g5 31.h3
h5 32.Rc5 g4 33.h4 e6 34.Rxa5 Nc4 35.Rb5 Rc2 36.e4 Ne3+ 37.Kg1 Rc1+ 38.Kh2 Rxc6 39.fxe3
Rc3 40.exf5 exf5 41.a4 Rxe3 1/2-1/2

[Event "1. Bundesliga 2014/2015"]
[Site "Feffernitz, St. Veit/Glan, Mayrhofen"]
[Date "2015.03.01"]
[Round "8"]
[Board "2"]
[White "Lanka, Zigurds"]
[Black "Antoniewski, Rafal"]
[Result "1/2-1/2"]
[WhiteElo "2422"]
[BlackElo "2543"]
[PlyCount "61"]
[EventDate "2014.11.20"]
[EventType "team"]
[EventRounds "11"]
[EventCountry "AUT"]
[WhiteTeam "Mayrhofen/SK Zell/Zillertal"]
[BlackTeam "SV Jacques Lemans St. Veit"]

1.e4 c6 2.d4 d5 3.exd5 cxd5 4.c4 Nf6 5.Nc3 e6 6.Nf3 Bb4 7.Bd3 dxc4 8.Bxc4 O-O 9.O-O
b6 10.Bg5 Bxc3 11.bxc3 Bb7 12.Ne5 Nbd7 13.Qe2 Qc7 14.Nxd7 Nxd7 15.Rac1 h6 16.Bh4 Qf4
17.Bg3 Qe4 18.Qxe4 Bxe4 19.Bb5 Nf6 20.Bd6 Rfd8 21.Be7 Rdc8 22.f3 Bb7 23.c4 a6 24.Ba4
b5 25.Bxf6 gxf6 26.cxb5 axb5 27.Bxb5 Rxa2 28.Rxc8+ Bxc8 29.Rf2 Ra1+ 30.Rf1 Rxf1+ 31.Kxf1 1/2-1/2

[Event "1. Bundesliga 2014/2015"]
[Site "Feffernitz, St. Veit/Glan, Mayrhofen"]
[Date "2015.03.01"]
[Round "8"]
[Board "3"]
[White "Bosiocic, Marin"]
[Black "Maiwald, Jens-Uwe"]
[Result "1/2-1/2"]
[WhiteElo "2556"]
[BlackElo "2464"]
[PlyCount "82"]
[EventDate "2014.11.20"]
[EventType "team"]
[EventRounds "11"]
[EventCountry "AUT"]
[WhiteTeam "SV Jacques Lemans St. Veit"]
[BlackTeam "Mayrhofen/SK Zell/Zillertal"]

1.e4 g6 2.d4 Bg7 3.Nc3 d6 4.h3 a6 5.g4 b5 6.Bg2 Bb7 7.Nge2 Nd7 8.a4 b4 9.Nd5 a5 10.O-O
e6 11.Ne3 h5 12.g5 e5 13.f4 exf4 14.Nxf4 Ne7 15.c3 O-O 16.Nxh5 gxh5 17.Qxh5 Qe8 18.Nf5
Nxf5 19.exf5 Bxg2 20.Kxg2 Qe4+ 21.Kg1 bxc3 22.bxc3 Bxd4+ 23.cxd4 Qxd4+ 24.Kh1 Qxa1
25.g6 fxg6 26.Rg1 Rf6 27.fxg6 Nf8 28.Qd5+ Ne6 29.Qxa8+ Rf8 30.Qd5 Qe5 31.Qxe5 dxe5
32.Bh6 Rf3 33.Kh2 Nf4 34.Bxf4 Rxf4 35.Rg5 Kg7 36.Kg3 Rf6 37.Rxe5 Kxg6 38.Rxa5 Rf1
39.Ra8 c5 40.a5 c4 41.a6 Ra1 1/2-1/2

[Event "1. Bundesliga 2014/2015"]
[Site "Feffernitz, St. Veit/Glan, Mayrhofen"]
[Date "2015.03.01"]
[Round "8"]
[Board "4"]
[White "Platzgummer, Fabian"]
[Black "Rogic, Davor"]
[Result "1/2-1/2"]
[WhiteElo "2332"]
[BlackElo "2547"]
[PlyCount "97"]
[EventDate "2014.11.20"]
[EventType "team"]
[EventRounds "11"]
[EventCountry "AUT"]
[WhiteTeam "Mayrhofen/SK Zell/Zillertal"]
[BlackTeam "SV Jacques Lemans St. Veit"]

1.Nf3 d5 2.g3 g6 3.Bg2 Bg7 4.d4 Nh6 5.c4 dxc4 6.e4 c5 7.d5 O-O 8.h3 e6 9.O-O exd5
10.exd5 Nf5 11.Nc3 Nd7 12.Bf4 Nb6 13.Be5 Nd6 14.a4 Bf5 15.Re1 h5 16.Qd2 Re8 17.Qf4
g5 18.Qd2 f6 19.Bxd6 Qxd6 20.a5 Nd7 21.Nb5 Qf8 22.Nc7 Rxe1+ 23.Rxe1 Rd8 24.d6 Ne5
25.Nxe5 fxe5 26.Bd5+ Kh8 27.Qxg5 Rxd6 28.Qxh5+ Rh6 29.Qe8 Bxh3 30.Rxe5 Bd7 31.Qxf8+
Bxf8 32.Re1 Bd6 33.Ne6 Rh5 34.Rd1 Ba4 35.Rd2 Re5 36.Nd8 Kg7 37.Nxb7 Be7 38.Bf3 Re1+
39.Kg2 Rc1 40.Nd6 Kf8 41.Ne4 Bb3 42.Be2 Ra1 43.f4 Rxa5 44.f5 Ra2 45.Kf2 Bf6 46.Nxf6
c3 47.Rd7 cxb2 48.Nh7+ Ke8 49.Nf6+ 1/2-1/2

[Event "1. Bundesliga 2014/2015"]
[Site "Feffernitz, St. Veit/Glan, Mayrhofen"]
[Date "2015.03.01"]
[Round "8"]
[Board "5"]
[White "Hebesberger, Thomas"]
[Black "Tabernig, Bernhard"]
[Result "1-0"]
[WhiteElo "2338"]
[BlackElo "2328"]
[PlyCount "103"]
[EventDate "2014.11.20"]
[EventType "team"]
[EventRounds "11"]
[EventCountry "AUT"]
[WhiteTeam "SV Jacques Lemans St. Veit"]
[BlackTeam "Mayrhofen/SK Zell/Zillertal"]

1.c4 Nf6 2.Nc3 e5 3.g3 Bb4 4.Bg2 O-O 5.Nd5 Nxd5 6.cxd5 c6 7.a3 Bc5 8.Qc2 Qb6 9.e3
a5 10.Ne2 d6 11.Nc3 Qa6 12.d3 Bf5 13.e4 Bd7 14.O-O b5 15.Kh1 Qb7 16.Be3 Bxe3 17.dxc6
Qxc6 18.fxe3 Na6 19.Qe2 Be6 20.Nd5 Bxd5 21.exd5 Qb7 22.d4 exd4 23.exd4 Rac8 24.Rac1
Rfe8 25.Qd2 Rxc1 26.Rxc1 b4 27.h4 bxa3 28.bxa3 Qb3 29.Qc3 Qxc3 30.Rxc3 Nb8 31.Rc7
g6 32.Bf1 Kg7 33.Bb5 Re3 34.a4 Rxg3 35.Rb7 Rg4 36.Rxb8 Rxh4+ 37.Kg2 Rxd4 38.Bc6 h5
39.Rd8 Kf6 40.Rxd6+ Ke5 41.Rd7 f5 42.Re7+ Kf4 43.Re6 g5 44.d6 h4 45.d7 h3+ 46.Kf1
h2 47.Rh6 Kg3 48.Rh8 Rd1+ 49.Ke2 Rxd7 50.Bxd7 f4 51.Kf1 g4 52.Bxg4 1-0

[Event "1. Bundesliga 2014/2015"]
[Site "Feffernitz, St. Veit/Glan, Mayrhofen"]
[Date "2015.03.01"]
[Round "8"]
[Board "6"]
[White "Schnegg, Anna-Lena"]
[Black "Ceschia, Ivano"]
[Result "0-1"]
[WhiteElo "2072"]
[BlackElo "2263"]
[PlyCount "36"]
[EventDate "2014.11.20"]
[EventType "team"]
[EventRounds "11"]
[EventCountry "AUT"]
[WhiteTeam "Mayrhofen/SK Zell/Zillertal"]
[BlackTeam "SV Jacques Lemans St. Veit"]

1.e4 d6 2.d4 Nf6 3.Nc3 Nbd7 4.Nf3 e5 5.Bc4 Be7 6.Bxf7+ Kxf7 7.Ng5+ Kg8 8.Ne6 Qe8 9.Nxc7
Qg6 10.Nxa8 Qxg2 11.Rf1 exd4 12.Qe2 dxc3 13.Qc4+ d5 14.Qxc8+ Kf7 15.Qxh8 Qxe4+ 16.Be3
cxb2 17.Kd2 Bb4+ 18.c3 Ne5 0-1

[Event "1. Bundesliga 2014/2015"]
[Site "Feffernitz, St. Veit/Glan, Mayrhofen"]
[Date "2015.03.01"]
[Round "8"]
[Board "1"]
[White "Luther, Thomas"]
[Black "Rozentalis, Eduardas"]
[Result "1/2-1/2"]
[WhiteElo "2570"]
[BlackElo "2549"]
[PlyCount "60"]
[EventDate "2014.11.20"]
[EventType "team"]
[EventRounds "11"]
[EventCountry "AUT"]
[WhiteTeam "SK Absam"]
[BlackTeam "SK Hohenems"]

1.e4 e5 2.Nf3 Nc6 3.Bb5 g6 4.d4 exd4 5.Bg5 Be7 6.Bxe7 Qxe7 7.Bxc6 dxc6 8.Qxd4 Nf6
9.Nc3 Bg4 10.O-O-O Bxf3 11.gxf3 O-O 12.f4 a5 13.f5 Rad8 14.Qe3 Rxd1+ 15.Rxd1 Re8 16.f3
Nh5 17.fxg6 hxg6 18.f4 Qh4 19.f5 Qf4 20.Qxf4 Nxf4 21.Rd7 b5 22.fxg6 Nxg6 23.Rxc7 b4
24.Nd1 Rxe4 25.Rxc6 Rh4 26.Ra6 Rh5 27.b3 Nf4 28.Rf6 Ne2+ 29.Kd2 Rxh2 30.Rf2 Rxf2 1/2-1/2

[Event "1. Bundesliga 2014/2015"]
[Site "Feffernitz, St. Veit/Glan, Mayrhofen"]
[Date "2015.03.01"]
[Round "8"]
[Board "2"]
[White "Bindrich, Falko"]
[Black "Dizdar, Goran"]
[Result "1-0"]
[WhiteElo "2609"]
[BlackElo "2500"]
[PlyCount "45"]
[EventDate "2014.11.20"]
[EventType "team"]
[EventRounds "11"]
[EventCountry "AUT"]
[WhiteTeam "SK Hohenems"]
[BlackTeam "SK Absam"]

1.c4 Nf6 2.Nf3 e6 3.g3 d5 4.Bg2 Be7 5.d4 O-O 6.O-O c6 7.Qc2 b6 8.Nbd2 a5 9.b3 Na6
10.Bb2 Nb4 11.Qb1 Bb7 12.a3 Na6 13.e4 Ra7 14.Re1 dxe4 15.Nxe4 c5 16.Neg5 g6 17.Qc2
cxd4 18.Rad1 Qa8 19.Rxd4 Nc5 20.Qc3 Rd8 21.Rxd8+ Qxd8 22.Ne5 Bxg2 23.Kxg2 1-0

[Event "1. Bundesliga 2014/2015"]
[Site "Feffernitz, St. Veit/Glan, Mayrhofen"]
[Date "2015.03.01"]
[Round "8"]
[Board "3"]
[White "Rotstein, Arkadij"]
[Black "Martinovic, Sasa"]
[Result "1/2-1/2"]
[WhiteElo "2500"]
[BlackElo "2520"]
[PlyCount "94"]
[EventDate "2014.11.20"]
[EventType "team"]
[EventRounds "11"]
[EventCountry "AUT"]
[WhiteTeam "SK Absam"]
[BlackTeam "SK Hohenems"]

1.Nf3 Nf6 2.g3 g6 3.Bg2 Bg7 4.O-O d5 5.d3 O-O 6.Nbd2 a5 7.a4 Nc6 8.c3 e5 9.e4 Re8
10.Qb3 d4 11.Nc4 h6 12.h3 Nd7 13.cxd4 exd4 14.Bd2 Nc5 15.Qc2 Be6 16.Nh4 Qd7 17.f4
Bxh3 18.f5 Bxg2 19.Kxg2 Kh7 20.Rf3 Nb4 21.Bxb4 axb4 22.a5 b3 23.Qf2 Qb5 24.Rc1 Rad8
25.fxg6+ fxg6 26.Rf7 Rf8 27.Ne5 Nxe4 28.dxe4 Qxe5 29.Rcxc7 Rxf7 30.Qxf7 Qxe4+ 31.Kh2
Rg8 32.Rxb7 d3 33.Rd7 h5 34.Qxb3 Rf8 35.Qb6 Qe2+ 36.Ng2 Rf2 37.Qb7 Kh6 38.a6 h4 39.Rxg7
Rxg2+ 40.Qxg2 Kxg7 41.gxh4 Qe5+ 42.Qg3 Qxb2+ 43.Kh3 d2 44.Qc7+ Kh6 45.Qf4+ Kg7 46.Qc7+
Kh6 47.Qf4+ Kg7 1/2-1/2

[Event "1. Bundesliga 2014/2015"]
[Site "Feffernitz, St. Veit/Glan, Mayrhofen"]
[Date "2015.03.01"]
[Round "8"]
[Board "4"]
[White "Atlas, Valery"]
[Black "Deglmann, Ludwig"]
[Result "1/2-1/2"]
[WhiteElo "2433"]
[BlackElo "2374"]
[PlyCount "225"]
[EventDate "2014.11.20"]
[EventType "team"]
[EventRounds "11"]
[EventCountry "AUT"]
[WhiteTeam "SK Hohenems"]
[BlackTeam "SK Absam"]

1.e4 e6 2.d4 d5 3.Nc3 Bb4 4.e5 c5 5.a3 Bxc3+ 6.bxc3 Qc7 7.h4 Nc6 8.h5 Bd7 9.h6 Nxh6
10.Bxh6 gxh6 11.Nf3 O-O-O 12.Rxh6 Rdg8 13.Rh4 h5 14.g3 Rg4 15.Be2 Qd8 16.Qd2 f6 17.exf6
Qxf6 18.Rd1 Rg7 19.Qe3 c4 20.Ne5 Nxe5 21.dxe5 Qf5 22.Qxa7 Qxe5 23.Qa8+ Qb8 24.Qxb8+
Kxb8 25.Rxh5 Rf8 26.Rd4 Kc7 27.Rdh4 Kd6 28.Rh8 Rxh8 29.Rxh8 e5 30.Rh6+ Kc5 31.Rh5
Kd6 32.Rh6+ Kc5 33.Rh5 Kd6 34.Kd2 b5 35.Rh6+ Kc5 36.Rh5 Kd6 37.Rh6+ Kc5 38.Bd1 d4
39.Rh5 Kd6 40.Rh6+ Kc5 41.Bh5 Rg8 42.Rh7 Bc6 43.Re7 Kd6 44.Rf7 Bd5 45.Rf6+ Kc5 46.Rf5
dxc3+ 47.Kxc3 Kd6 48.Kb4 Ra8 49.Rf6+ Ke7 50.Rb6 Ra4+ 51.Kxb5 Rxa3 52.Kb4 Ra1 53.Kc5
Be6 54.Be2 Rc1 55.Rb2 Bf5 56.Bxc4 Rxc2 57.Rb7+ Ke8 58.Kd5 Rxf2 59.Kxe5 Bd7 60.Bd5
Rf5+ 61.Ke4 Rf2 62.Ke3 Rf6 63.Be4 Rf1 64.Ra7 Rf6 65.Kd4 Rf1 66.Ke5 Rf2 67.Bg6+ Kd8
68.Be4 Ke8 69.Bd5 Rf5+ 70.Ke4 Rf2 71.Ke3 Rf6 72.Bf3 Bc6 73.Bh5+ Kf8 74.g4 Re6+ 75.Kf4
Re7 76.Ra6 Bb5 77.Rd6 Kg7 78.g5 Be8 79.Bg4 Bg6 80.Be6 Bf7 81.Bf5 Ra7 82.g6 Bg8 83.Kg5
Rc7 84.Rb6 Ra7 85.Kf4 Re7 86.Ra6 Bc4 87.Rc6 Bd5 88.Rb6 Bg8 89.Be4 Ba2 90.Rb2 Bg8 91.Rd2
Be6 92.Rh2 Bg8 93.Ke3 Ra7 94.Rb2 Re7 95.Kd4 Ra7 96.Rb6 Ra4+ 97.Ke5 Ra5+ 98.Kd6 Ra7
99.Bd3 Ba2 100.Rb4 Bg8 101.Re4 Ba2 102.Re8 Bg8 103.Kc6 Bb3 104.Kb6 Rd7 105.Bf5 Rd6+
106.Kc7 Rf6 107.Bd3 Re6 108.Rb8 Bd5 109.Rb4 Re3 110.Rd4 Be6 111.Kd8 Re5 112.Be4 Bf5
113.Bxf5 1/2-1/2

[Event "1. Bundesliga 2014/2015"]
[Site "Feffernitz, St. Veit/Glan, Mayrhofen"]
[Date "2015.03.01"]
[Round "8"]
[Board "5"]
[White "De Francesco, Klaus"]
[Black "Kessler, Luca"]
[Result "1/2-1/2"]
[WhiteElo "2237"]
[BlackElo "2324"]
[PlyCount "73"]
[EventDate "2014.11.20"]
[EventType "team"]
[EventRounds "11"]
[EventCountry "AUT"]
[WhiteTeam "SK Absam"]
[BlackTeam "SK Hohenems"]

1.d4 Nf6 2.c4 g6 3.f3 Bg7 4.e4 d6 5.Nc3 O-O 6.Be3 Nc6 7.Nge2 a6 8.Qd2 Rb8 9.Rc1 Bd7
10.Nd1 e6 11.g3 Ne7 12.Nf2 e5 13.d5 c6 14.Bg2 b5 15.b3 c5 16.f4 Ng4 17.Nxg4 Bxg4 18.fxe5
Bxe5 19.O-O bxc4 20.Rxc4 Nc8 21.Nf4 Nb6 22.Rcc1 Bg7 23.Nd3 Bd7 24.e5 Bb5 25.exd6 c4
26.a4 cxd3 27.axb5 axb5 28.Qxd3 Nc8 29.d7 Qxd7 30.Bf4 Rb6 31.Rc7 Qd8 32.Rfc1 Ne7 33.g4
Rf6 34.Be5 Rd6 35.Bxd6 Qxd6 36.Rxe7 Qxe7 37.d6 1/2-1/2

[Event "1. Bundesliga 2014/2015"]
[Site "Feffernitz, St. Veit/Glan, Mayrhofen"]
[Date "2015.03.01"]
[Round "8"]
[Board "6"]
[White "Novkovic, Milan"]
[Black "Gerhold, Michael"]
[Result "1-0"]
[WhiteElo "2380"]
[BlackElo "2217"]
[PlyCount "65"]
[EventDate "2014.11.20"]
[EventType "team"]
[EventRounds "11"]
[EventCountry "AUT"]
[WhiteTeam "SK Hohenems"]
[BlackTeam "SK Absam"]

1.Nf3 d5 2.g3 c6 3.Bg2 Nf6 4.O-O Bg4 5.d4 Nbd7 6.Nbd2 e6 7.Re1 Be7 8.e4 dxe4 9.Nxe4
Nxe4 10.Rxe4 Bf5 11.Re1 O-O 12.c3 Bf6 13.Qb3 Qb6 14.Bf4 h6 15.Nd2 Qxb3 16.axb3 Nb6
17.Bd6 Rfe8 18.Bc5 Be7 19.b4 Bxc5 20.bxc5 Nd5 21.Nc4 Reb8 22.Ra3 Bd3 23.Ne5 Bf5 24.Rea1
a6 25.Nc4 Rd8 26.Nd6 Rab8 27.Bxd5 Rxd6 28.cxd6 cxd5 29.Rb3 Bd3 30.Rb6 Bb5 31.b3 Kf8
32.Rc1 Bc6 33.c4 1-0

[Event "1. Bundesliga 2014/2015"]
[Site "Feffernitz, St. Veit/Glan, Mayrhofen"]
[Date "2015.03.01"]
[Round "8"]
[Board "1"]
[White "Bauer, Christian"]
[Black "Ragger, Markus"]
[Result "1/2-1/2"]
[WhiteElo "2651"]
[BlackElo "2661"]
[PlyCount "49"]
[EventDate "2014.11.20"]
[EventType "team"]
[EventRounds "11"]
[EventCountry "AUT"]
[WhiteTeam "Sparkasse Jenbach"]
[BlackTeam "Schachclub MPOE Maria Saal"]

1.c4 c6 2.Nf3 d5 3.e3 Nf6 4.Nc3 Nbd7 5.Qc2 e5 6.cxd5 Nxd5 7.d4 Bd6 8.dxe5 Nxe5 9.Nxe5
Bxe5 10.Qe4 Qe7 11.Nxd5 cxd5 12.Bb5+ Kf8 13.Qxd5 g6 14.Bd2 Kg7 15.Qxe5+ Qxe5 16.Bc3
Qxc3+ 17.bxc3 Be6 18.Ke2 Rac8 19.Rhc1 Rc5 20.a4 Rhc8 21.Kd2 Rd5+ 22.Ke1 Rdc5 23.Kd2
Rd5+ 24.Ke1 Rdc5 25.Kd2 1/2-1/2

[Event "1. Bundesliga 2014/2015"]
[Site "Feffernitz, St. Veit/Glan, Mayrhofen"]
[Date "2015.03.01"]
[Round "8"]
[Board "2"]
[White "Rapport, Richard"]
[Black "Schlosser, Philipp"]
[Result "1/2-1/2"]
[WhiteElo "2709"]
[BlackElo "2571"]
[PlyCount "94"]
[EventDate "2014.11.20"]
[EventType "team"]
[EventRounds "11"]
[EventCountry "AUT"]
[WhiteTeam "Schachclub MPOE Maria Saal"]
[BlackTeam "Sparkasse Jenbach"]

1.e4 c5 2.Nf3 e6 3.d3 Nc6 4.c3 d5 5.Qe2 d4 6.g3 e5 7.Bg2 Bg4 8.Na3 f6 9.h3 Be6 10.cxd4
cxd4 11.O-O Qd7 12.Nh4 O-O-O 13.Kh2 Kb8 14.f4 Rc8 15.Nf3 Bxa3 16.bxa3 Nge7 17.Qb2
h6 18.Rb1 Rc7 19.Bd2 Qd6 20.Rfc1 Rhc8 21.h4 Bg4 22.Rc4 Ng6 23.f5 Nf8 24.a4 Nd7 25.a5
Nd8 26.Bb4 Qa6 27.Nd2 Be2 28.Bf1 Bxf1 29.Rxf1 Rxc4 30.Nxc4 Nc6 31.Bd6+ Ka8 32.Rb1
Nd8 33.Qa3 h5 34.Kh3 Nf7 35.Be7 Rc6 36.Bf8 b5 37.axb6 Qxa3 38.b7+ Kb8 39.Bxa3 Nb6
40.Nxb6 axb6 41.Bf8 Nh6 42.a4 Ng4 43.Kg2 Kxb7 44.a5 Ka6 45.Rxb6+ Rxb6 46.axb6 Kxb6
47.Kf3 Kb5 1/2-1/2

[Event "1. Bundesliga 2014/2015"]
[Site "Feffernitz, St. Veit/Glan, Mayrhofen"]
[Date "2015.03.01"]
[Round "8"]
[Board "3"]
[White "Acs, Peter"]
[Black "Predojevic, Borki"]
[Result "1/2-1/2"]
[WhiteElo "2594"]
[BlackElo "2618"]
[PlyCount "61"]
[EventDate "2014.11.20"]
[EventType "team"]
[EventRounds "11"]
[EventCountry "AUT"]
[WhiteTeam "Sparkasse Jenbach"]
[BlackTeam "Schachclub MPOE Maria Saal"]

1.e4 e6 2.d4 d5 3.Nc3 Nf6 4.Bg5 dxe4 5.Nxe4 Be7 6.Bxf6 gxf6 7.Nf3 f5 8.Nc3 a6 9.g3
b5 10.Bg2 Bb7 11.O-O c5 12.Ne2 cxd4 13.Nexd4 Nc6 14.Ne5 Nxe5 15.Bxb7 Ra7 16.Bg2 O-O
17.c3 Qb6 18.Qe2 Bf6 19.Rfd1 Rd8 20.a4 Rad7 21.axb5 axb5 22.Rdc1 b4 23.h3 bxc3 24.bxc3
Qc5 25.Rab1 Qc4 26.Bf1 Qxe2 27.Bxe2 Rc8 28.Kg2 Nc4 29.Rd1 Nd6 30.Nb5 Rcd8 31.Nxd6 1/2-1/2

[Event "1. Bundesliga 2014/2015"]
[Site "Feffernitz, St. Veit/Glan, Mayrhofen"]
[Date "2015.03.01"]
[Round "8"]
[Board "4"]
[White "Buhmann, Rainer"]
[Black "Shengelia, David"]
[Result "1-0"]
[WhiteElo "2583"]
[BlackElo "2560"]
[PlyCount "147"]
[EventDate "2014.11.20"]
[EventType "team"]
[EventRounds "11"]
[EventCountry "AUT"]
[WhiteTeam "Schachclub MPOE Maria Saal"]
[BlackTeam "Sparkasse Jenbach"]

1.d4 d5 2.c4 c6 3.Nf3 e6 4.Nbd2 Nf6 5.e3 Nbd7 6.Bd3 Bd6 7.O-O O-O 8.e4 dxe4 9.Nxe4
Nxe4 10.Bxe4 h6 11.Bc2 b6 12.Qd3 f5 13.Re1 Re8 14.Bd2 Ba6 15.b4 Nf6 16.Rad1 Qc7 17.h3
Rad8 18.Qb3 Qf7 19.Bc1 c5 20.bxc5 bxc5 21.Qa3 Bxc4 22.dxc5 Bb8 23.Bb2 Rxd1 24.Bxd1
Bd5 25.Be5 Ne4 26.Bb3 Bxe5 27.Nxe5 Qc7 28.Bxd5 exd5 29.Nd3 Rd8 30.Qb4 d4 31.f3 Nc3
32.a3 Kh7 33.Qc4 Qg3 34.Qf7 Qg6 35.Qxg6+ Kxg6 36.Re7 a5 37.Ra7 a4 38.Kf2 Kf6 39.Ra6+
Ke7 40.Ne5 Rd5 41.Nd3 f4 42.h4 Rf5 43.Rg6 Kf7 44.Rd6 Rd5 45.Rb6 Ke8 46.Rb7 g5 47.Rh7
gxh4 48.Rxh6 Nb5 49.Ra6 Nxa3 50.Rxa4 Nc2 51.Ra8+ Kd7 52.Rh8 Rg5 53.Rxh4 Ne3 54.Nxf4
Rxc5 55.Ne2 Nf5 56.Rh1 Kc6 57.Rd1 Rd5 58.g4 d3 59.Nf4 Rd4 60.Ne6 Ra4 61.gxf5 Ra2+
62.Ke3 Kd5 63.Rxd3+ Ke5 64.Nd4 Ra1 65.f4+ Kf6 66.Ke4 Re1+ 67.Re3 Rf1 68.Nf3 Ra1 69.Rd3
Ra6 70.Rd4 Rb6 71.Ne5 Rb1 72.Rd6+ Ke7 73.Rd7+ Ke8 74.f6 1-0